000 00596nam a2200181 i 4500
001 42922
003 ES-MaACL
005 20240211063456.0
007 t|
008 030314s1913 sp ||||1| spa d
100 1 _aCastro, Eugenio de,
_d1869-1944
_936850
245 1 3 _aEl Rey Galaor
_b: poema dramático /
_cEugenio de Castro ; traducción española de Juan González Olmedilla.
260 _aMadrid :
_b[s.n.,
_c1913] (
_fImp. Artística Española)
300 _a74 p. ;
_c19 cm.
700 1 _aOlmedilla, Juan G.
_986948
852 _aES-MaACL
_jT-1341-F-2
999 _c42922
_d42922